000 00556nam a2200181Ia 4500
005 20250508153442.0
008 008 250505s9999 xx 000 0 eng d
037 _aBooks to be hide in OPAC
040 _aFEDL
_beng
_cFEDL
041 _aeng
_2eng
084 _a370.945, UNI/O
_qFEDL
100 _aScarangello Anthony A
_9764051
245 0 _aProgress and trands in Italian education
260 _aWashington, USA
_bU.S. Government Printing Office
_c1964
300 _a35p.
942 _cHB
_h370.945, UNI/O
999 _c1342981
_d1342981